000
00239nam a2200097Ia 4500
008
220204s9999 xx 000 0 und d
082
_a
03:809.481.2
_b
VIS
245
0
_a
Visvavijnanakosham. 10 V
260
_a
Kottayam
_b
SPCS
_c
1971
942
_c
BK
999
_c
21952
_d
21952